000
00310nam a22001337a 4500
003
SGT
082
_a
RAJ 512
100
_a
RAJPUT,UDAY SINGH
245
_a
ADVANCE DISCRETE MATHEMATICS
260
_a
NEW DELHI
_b
PHI
_c
2012
300
_a
357
650
_a
MATHEMATICS, DISCRETE MATHEMATICS
942
_2
ddc
_c
FPS
_0
10
999
_c
10195
_d
10195